'H' US Cities per length Quiz Stats

 Plays Quiz not verified by Sporcle

Support Sporcle.
Go Orange.
Score 0/17 Timer 04:00
0 Plays Today
Length City % Correct
7Houston, Hialeah, Hayward, Hampton, Hammond, Hanford, Hoboken, Hickory, Holyoke, Holland, Huntley, Hanahan, Herndon, Hingham, Hopkins, Holmdel, Ham Lake, Hibbing, Hanover, Hidalgo, Harwich
95.4%
8Honolulu, Hartford, Hesperia, Hamilton, Highland, Herriman, Hilliard, Holladay, Harrison, Horn Lake, Hercules, Homewood, Hastings, Hazleton, Hopewell, Hillside, Havelock, Hinsdale, Hannibal, Hernando, Hueytown, Hereford, Hooksett, Holbrook
92.2%
10Huntsville, Harrisburg, Huntington, Hackensack, Haltom City, Hutchinson, Hagerstown, Hot Springs, Hinesville, Haines City, Hazel Crest, Healdsburg, Haverstraw, Hartsville
81.3%
9Henderson, Hollywood, High Point, Hillsboro, Hawthorne, Homestead, Harlingen, Haverhill, Hempstead, Hollister, Hazelwood, Homer Glen, Hamtramck, Hopkinton, Hurricane, Hermiston, Hazel Park, Heber City, Hope Mills,...
79.5%
6Hoover, Hamden, Howell, Helena, Hobart, Hudson, Harvey, Howard, Hazlet, Holden, Humble, Hayden, Hewitt, Haddon, Halawa, Herrin, Hanson, Holmen
76.3%
4Hilo, Hays, Hugo, Hull
75.8%
15Huntington Beach, Hallandale Beach, Highland Village, Hawaiian Gardens
58%
12Huntersville, Harrisonburg, Hillsborough, Huber Heights, Holly Springs, Hopkinsville, Highland Park, Hermosa Beach, Hickory Hills, Havre de Grace
52.5%
5Hemet, Hurst, Hobbs, Houma, Hutto, Huron, Heath
51.1%
Length City % Correct
14Huntington Park, Hendersonville, Hoffman Estates, Hialeah Gardens
41.6%
11Hattiesburg, Hanover Park, Happy Valley, Horizon City, Hyattsville, Harper Woods, Half Moon Bay, Haddonfield
23.3%
16Hilton Head Island, Hasbrouck Heights, Helena-West Helena
17.4%
13Harker Heights, Harrisonville
13.2%
20Hawaiian Paradise Park
4.1%
17*Hawaiian Ocean View, Hot Sulphur Springs
3.2%
18*Hill Country Village
3.2%
19*Hunters Creek Village
2.7%

You're not logged in!

Compare scores with friends on all Sporcle quizzes.
OR
Log In

From the Vault

Super Bowl Record Match

by sproutcm

This can either remind you of your team's glory days, or make you really, really sad.
Remove Ads.
Support Sporcle.
Get the best of Sporcle when you Go Orange. This ad-free experience offers more features, more stats, and more fun while also helping to support Sporcle. Thank you for becoming a member.

Show Comments

Extras

Top Quizzes Today


Score Distribution

Your Account Isn't Verified!

In order to create a playlist on Sporcle, you need to verify the email address you used during registration. Go to your Sporcle Settings to finish the process.

Report this User

Report this user for behavior that violates our Community Guidelines.

Details: